000
00304nam a22001337a 4500
008
171206b xxu||||| |||| 00| 0 eng d
020
_a
9781256462644
041
_a
eng
080
_a
621
100
_a
27
101
_a
IM
245
_a
ADVANCED ENGINEERING MATHEMATICS
_c
GREENBERG,M.D
942
_2
udc
_c
BK
999
_c
38792
_d
38792